书目信息 |
| 题名: |
孟德斯鸠与《论法的精神》
|
|
| 作者: | 高尚 编著 | |
| 分册: | 上册 | |
| 出版信息: | 北京 人民出版社 2010.04 |
|
| 页数: | 195页 | |
| 开本: | 21cm | |
| 丛书名: | 西方法政著精要 | |
| 单 册: | ||
| 中图分类: | B565.24-49 | |
| 科图分类: | ||
| 主题词: | ||
| 电子资源: | ||
| ISBN: | 978-7-01-008747-4 | |
| 000 | 01194nam 2200289 450 | |
| 001 | 012010318502 | |
| 005 | 20100605093655.12 | |
| 010 | @a978-7-01-008747-4@dCNY20.00 | |
| 100 | @a20100604d2010 em y0chiy0120 ea | |
| 101 | 0 | @achi |
| 102 | @aCN@b110000 | |
| 105 | @ay a 000yy | |
| 106 | @ar | |
| 200 | 1 | @a孟德斯鸠与《论法的精神》@Ameng de si jiu yu《lun fa de jing shen》@h上册@d= The spirit of the laws@f本册高尚编著@Fben ce bian zhu gao shang@zeng |
| 210 | @a北京@c人民出版社@d2010.04 | |
| 215 | @a195页@d21cm | |
| 225 | 2 | @a西方法政著精要@Axi fang fa zheng zhu jing yao |
| 320 | @a有书目 | |
| 330 | @a本书包括三个部分:作者生平、著作导读和原文精要。其中原文精略部分是对原作的缩略性、通俗化改写,但对其中各精彩论述或经典性论断按译文原文作摘录,以便学者、学子们引证或查阅。其中导读部分则出于各书编著者阅读原著的体会、理解。 | |
| 410 | 0 | @12001 @a西方法政著精要 |
| 510 | 1 | @aSpirit of the laws@zeng |
| 600 | 1 | @a孟德斯鸠,@Ameng de si jiu@bC.@x国家和法的理论@j通俗读物 |
| 600 | 1 | @a孟德斯鸠,@Ameng de si jiu@bC.@x政治思想@j通俗读物 |
| 690 | @aB565.24-49@v4 | |
| 701 | 0 | @a高尚@Agao shang@4编著 |
| 801 | 0 | @aCN@bQSSK@c20100605 |
| 905 | @b781603-05@dB565.24-49@eG172:1@f3 | |
| 孟德斯鸠与《论法的精神》.上册= The spirit of the laws/本册高尚编著.-北京:人民出版社,2010.04 |
| 195页;21cm.-(西方法政著精要) |
| ISBN 978-7-01-008747-4:CNY20.00 |
| 本书包括三个部分:作者生平、著作导读和原文精要。其中原文精略部分是对原作的缩略性、通俗化改写,但对其中各精彩论述或经典性论断按译文原文作摘录,以便学者、学子们引证或查阅。其中导读部分则出于各书编著者阅读原著的体会、理解。 |
| ● |
| 相关链接 |
|
|
|
正题名:孟德斯鸠与《论法的精神》
索取号:B565.24-49/G172:1
 
预约/预借
| 序号 | 登录号 | 条形码 | 馆藏地/架位号 | 状态 | 备注 |
| 1 | 781603 | 207816032 | 社科库509/509社科库 18排4列4层/ [索取号:B565.24-49/G172:1] | 在馆 | |
| 2 | 781604 | 207816041 | 社科库509/509社科库 18排4列4层/ [索取号:B565.24-49/G172:1] | 在馆 | |
| 3 | 781605 | 207816050 | 社科库509/509社科库 18排4列4层/ [索取号:B565.24-49/G172:1] | 在馆 |